Zmena paradigmy globalizácie z pohľadu vzťahov medzi Čínou a svetovými veľmocami
Význam Novej hodvábnej cesty pre Čínu a zainteresované ekonomiky. Nebezpečenstvo čínskej hospodárskej expanzie. Vzťahy Ruska a Číny. Negatívne externality budovania Novej hodvábnej cesty - prípadová štúdia Srí Lanka. Navrhované opatrenia a riešenia medzinárodných vzťahov k Číne. Spolupráca pri rieše...
Saved in:
| Main Author: | |
|---|---|
| Format: | Book Chapter |
| Language: | Slovak |
| Subjects: | |
| Tags: |
No Tags, Be the first to tag this record!
|
MARC
| LEADER | 00000naa$a2200000$$$4500 | ||
|---|---|---|---|
| 001 | 0290044 | ||
| 005 | 20240502074441.6 | ||
| 041 | 0 | |a slo | |
| 044 | |a SK | ||
| 245 | 1 | 0 | |a Zmena paradigmy globalizácie z pohľadu vzťahov medzi Čínou a svetovými veľmocami |c Ľuboš Pavelka |
| 520 | |a Význam Novej hodvábnej cesty pre Čínu a zainteresované ekonomiky. Nebezpečenstvo čínskej hospodárskej expanzie. Vzťahy Ruska a Číny. Negatívne externality budovania Novej hodvábnej cesty - prípadová štúdia Srí Lanka. Navrhované opatrenia a riešenia medzinárodných vzťahov k Číne. Spolupráca pri riešení globálnych problémov. Preverovanie priamych zahraničných investícií v oblasti médií. Podpora nezávislého čínskeho výskumu a žurnalistiky. Ochrana ľudských a základných práv. Európsky zákaz dovozu výrobkov, ktoré sú výsledkom nútenej práce. | ||
| 610 | 2 | 0 | |a globalizácia |
| 610 | 2 | 0 | |a investovanie |
| 610 | 2 | 0 | |a infraštruktúra |
| 610 | 2 | 0 | |a zdroje finančné |
| 610 | 2 | 0 | |a technológia |
| 610 | 2 | 0 | |a vzťahy medzinárodné |
| 610 | 2 | 0 | |a Čína |
| 610 | 2 | 0 | |a Európska únia |
| 100 | 1 | |a Pavelka, Ľuboš, 1962- | |